000 00955nam a22002897a 4500
001 4625
003 FISKH
005 20250303095518.0
008 240918b cb ||||| |||| 00| 0 eng d
020 _a9780679886181
040 _aFISKH
_beng
_cFISKH
_dFISKH
050 _aPZ7.G3264
082 _2823.8
100 _aBronte, Charlotte
_d(1816–1855)
245 _aJane Eyre /
_cBy Charlotte Bronte Adapted by Jane E. Gerver
250 _aPublished in 2005
260 _aNew York :
_bA Stepping Stone Book,
_c1997.
300 _a105 pages :
_c20cm
505 _aN
520 _aIn early nineteenth-century England, an orphaned young woman accepts employment as a governess at Thornfield Hall, a country estate owned by the mysteriously remote Mr. Rochester.
521 8 _a540L
_bLexile
521 8 _aN
_bRaz-Plus
650 _2Historical fiction
_aClassic
650 _2English literature
_aNovel
942 _2ddc
_cBK
_n0
999 _c4625
_d4625